Mal's General Knowledge 3 - Statistics

General Stats
  • This quiz has been taken 944 times
  • The average score is 11 of 20
Answer Stats
Hint Answer % Correct
Which Paris prison was stormed by the mob in 1789 The Bastille
84%
What colour jacket is presented to US Masters Golf winners Green
82%
Greenland is a self-governing division of which country Denmark
81%
How many pawns does each player start with in a game of Chess 8
80%
Who was the oldest of the Beatles Ringo Starr
77%
What is the periodic symbol for the element 'Lead' Pb
76%
Mogadishu is the capital of which African country Somalia
67%
In which city was the cabaret singer Edith Piaf born Paris, France
66%
Which Argentine soccer player cheated by scoring a World Cup goal with his hand Diego Maradona
64%
In Mythology who was the wife of Zeus and mother of Ares Hera
58%
What is the weight of the men's Shot-Put in Olympic Events (lb or kg) 7.26kg
57%
Which alcohol is used in the 'Tom Collins' cocktail Gin
56%
In what city is the major Art Gallery called 'The Prado' madrid
50%
Who said 'The only thing we have to fear is fear itself' Franklin D. Roosevelt
49%
How many bones in a human hand & wrist 27
36%
What is the main gastric-juice acid in the human stomach Hydrochloric Acid
32%
Who wrote the Opera Madama (Madame) Butterfly Giacomo Puccini
29%
What was the name of the famous legless RAF pilot of WW2 Douglas Bader
16%
Mus musculus is the scientific name for what creature Common house Mouse
14%
If you were to 'cachinnate' what would you be doing Laughing
4%
No matching quizzes found
Score Distribution
Percent of People with Each Score
Percentile by Number Answered
Your Score History
You have not taken this quiz